Korean Foods - Sudden Death - Statistics

General Stats
  • This quiz has been taken 424 times
  • The average score is 12 of 14
Answers on the Grid
Answers color-coded by a green-red scale on the quiz's grid according to % correct below.
Kimchi
Bibimbap
Sushi
Galbijim
Kungpao chicken
Bulgogi
Dim sum
Jajangmyeon
tteokbokki
Mandu
Tempura
Budae Jige
Haemul Pajeon
Samgyupsal
Yakitori
Kimbab
Samgyetang
Shao Paigu
Jokbal
BBQ chicken
 
Answer Stats
Answer % Correct
Kimchi
99%
Bibimbap
92%
tteokbokki
89%
Bulgogi
87%
Jajangmyeon
87%
Kimbab
86%
Samgyetang
84%
Samgyupsal
83%
Budae Jige
82%
Galbijim
81%
Haemul Pajeon
80%
Jokbal
79%
Mandu
68%
BBQ chicken
57%
No matching quizzes found
Score Distribution
Percent of People with Each Score
Percentile by Number Answered
Your Score History
You have not taken this quiz